Mario Strikers: Battle League Characters - Statistics

General Stats
  • This quiz has been taken 82 times
    70 since last reset
  • The average score is 14 of 16
Answer Stats
Hyper Strike Character % Correct
Flame Cannon Bowser
95%
Fire Cyclone Mario
95%
Dance of Hearts Peach
95%
Spin Tornado Luigi
93%
Flower Spiral Daisy
92%
Banana Blast Donkey Kong
92%
Egg Stomp Yoshi
92%
Electric Ricochet Wario
90%
Drill Smash Toad
88%
Thorn Barrier Waluigi
88%
Barrel Boom Diddy Kong
86%
Orbital Burst Rosalina
81%
Twisting Knuckleball Bowser Jr.
80%
Jewel Dance Birdo
71%
Swing Solo Pauline
69%
Propeller Drive Shy Guy
68%
No matching quizzes found
Score Distribution
Percent of People with Each Score
Percentile by Number Answered
Your Score History
You have not taken this quiz since the last reset